<?xml version="1.0" encoding="UTF-8"?><?xml-stylesheet type="text/xsl" href="static/style.xsl"?><OAI-PMH xmlns="http://www.openarchives.org/OAI/2.0/" xmlns:xsi="http://www.w3.org/2001/XMLSchema-instance" xsi:schemaLocation="http://www.openarchives.org/OAI/2.0/ http://www.openarchives.org/OAI/2.0/OAI-PMH.xsd"><responseDate>2026-04-17T04:25:46Z</responseDate><request verb="GetRecord" identifier="oai:www.recercat.cat:10230/71865" metadataPrefix="marc">https://recercat.cat/oai/request</request><GetRecord><record><header><identifier>oai:recercat.cat:10230/71865</identifier><datestamp>2025-11-13T19:18:32Z</datestamp><setSpec>com_2072_6</setSpec><setSpec>col_2072_452952</setSpec></header><metadata><record xmlns="http://www.loc.gov/MARC21/slim" xmlns:dcterms="http://purl.org/dc/terms/" xmlns:xsi="http://www.w3.org/2001/XMLSchema-instance" xmlns:doc="http://www.lyncode.com/xoai" xsi:schemaLocation="http://www.loc.gov/MARC21/slim http://www.loc.gov/standards/marcxml/schema/MARC21slim.xsd">
   <leader>00925njm 22002777a 4500</leader>
   <datafield ind2=" " ind1=" " tag="042">
      <subfield code="a">dc</subfield>
   </datafield>
   <datafield ind2=" " ind1=" " tag="720">
      <subfield code="a">Makhmutov, Rustem</subfield>
      <subfield code="e">author</subfield>
   </datafield>
   <datafield ind2=" " ind1=" " tag="720">
      <subfield code="a">Calle Egusquiza, Alicia</subfield>
      <subfield code="e">author</subfield>
   </datafield>
   <datafield ind2=" " ind1=" " tag="720">
      <subfield code="a">Roqueta, Cristina</subfield>
      <subfield code="e">author</subfield>
   </datafield>
   <datafield ind2=" " ind1=" " tag="720">
      <subfield code="a">Amor Fernández, Eva Maria</subfield>
      <subfield code="e">author</subfield>
   </datafield>
   <datafield ind2=" " ind1=" " tag="720">
      <subfield code="a">Meyer, Gabriele</subfield>
      <subfield code="e">author</subfield>
   </datafield>
   <datafield ind2=" " ind1=" " tag="720">
      <subfield code="a">Ellen, Moriah E.</subfield>
      <subfield code="e">author</subfield>
   </datafield>
   <datafield ind2=" " ind1=" " tag="720">
      <subfield code="a">Fleischer, Steffen</subfield>
      <subfield code="e">author</subfield>
   </datafield>
   <datafield ind2=" " ind1=" " tag="720">
      <subfield code="a">Renom-Guiteras, Anna</subfield>
      <subfield code="e">author</subfield>
   </datafield>
   <datafield ind2=" " ind1=" " tag="260">
      <subfield code="c">2025-11-11T18:09:33Z</subfield>
   </datafield>
   <datafield ind2=" " ind1=" " tag="260">
      <subfield code="c">2025-11-11T18:09:33Z</subfield>
   </datafield>
   <datafield ind2=" " ind1=" " tag="260">
      <subfield code="c">2024</subfield>
   </datafield>
   <datafield ind2=" " ind1=" " tag="260">
      <subfield code="c">2025-11-11T18:09:33Z</subfield>
   </datafield>
   <datafield ind2=" " ind1=" " tag="520">
      <subfield code="a">Purpose: The phenomenon of avoidable care transitions has received increasing attention over the last decades due to its frequency and associated burden for the patients and the healthcare system. A number of assessment tools to identify avoidable transitions have been designed and implemented. The selection of the most appropriate tool appears to be challenging and time-consuming. This systematic review aimed to identify and comprehensively describe the assessment tools that can support stakeholders' care transition decisions on older adults. Methods: This study was conducted as part of the TRANS-SENIOR research network. A systematic search was conducted in MEDLINE via PubMed, CINAHL, and CENTRAL. No restrictions regarding publication date and language were applied. Results: The search in three electronic databases revealed 1266 references and screening for eligibility resulted in 58 articles for inclusion. A total of 48 assessment tools were identified covering different concepts, judgement processes, and transition destinations. We found variation in the comprehensiveness of the tools with regard to dimensions used in the judgement process. Conclusion: All tools are not comprehensive with respect to the dimensions covered, as they address only one or a few perspectives. Although assessment tools can be useful in clinical practice, it is worth it to bear in mind that they are meant to support decision-making and supplement the care professional¿s judgement, instead of replacing it. Our review might guide clinicians and researchers in choosing the right tool for identification of avoidable care transitions, and thus support informed decision-making.</subfield>
   </datafield>
   <datafield ind2=" " ind1=" " tag="520">
      <subfield code="a">Open Access funding enabled and organized by Projekt DEAL. This work was supported by the European Union's Horizon 2020 research and innovation program under the Marie Sklodowska-Curie Actions [Grant No. 812656]. The study's funder had no role in study design, data collection, data analysis, data interpretation, or preparation of the manuscript. Authors were not precluded from accessing data in the study, and they accepted responsibility for submitting for publication.</subfield>
   </datafield>
   <datafield ind1="8" ind2=" " tag="024">
      <subfield code="a">http://hdl.handle.net/10230/71865</subfield>
   </datafield>
   <datafield tag="653" ind2=" " ind1=" ">
      <subfield code="a">Decision-making</subfield>
   </datafield>
   <datafield tag="653" ind2=" " ind1=" ">
      <subfield code="a">Preventable care transitions</subfield>
   </datafield>
   <datafield tag="653" ind2=" " ind1=" ">
      <subfield code="a">Decision support tools</subfield>
   </datafield>
   <datafield tag="653" ind2=" " ind1=" ">
      <subfield code="a">Older adults</subfield>
   </datafield>
   <datafield ind2="0" ind1="0" tag="245">
      <subfield code="a">Assessment tools addressing avoidable care transitions in older adults: a systematic literature review</subfield>
   </datafield>
</record></metadata></record></GetRecord></OAI-PMH>